|
|
|
|
| LEADER |
00834nam a2200229 i 4500 |
| 001 |
c000072174 |
| 003 |
CARM |
| 005 |
00000000000000.0 |
| 008 |
780717s1978 nyu 00010 eng |
| 019 |
1 |
|
|a 1231754
|z 45086717
|5 LACONCORD2021
|
| 020 |
|
|
|a 039450173X
|
| 035 |
|
|
|a (OCoLC)4136638
|5 LACONCORD2021
|
| 050 |
0 |
0 |
|a PR6037.P47
|b T5
|
| 100 |
1 |
|
|a Spender, Stephen,
|d 1909-
|
| 245 |
1 |
4 |
|a The thirties and after :
|b poetry, politics, people 1933-1970 /
|c Stephen Spender.
|
| 250 |
|
|
|a 1st ed.
|
| 260 |
|
|
|a New York :
|b Random House,
|c c1978.
|
| 300 |
|
|
|a xiv, 236 p. ;
|c 24 cm.
|
| 852 |
8 |
|
|b CARM
|h A2:AB26D0
|i C02190
|p 0006756
|f BK
|
| 082 |
0 |
4 |
|a 824/.9/12
|
| 999 |
f |
f |
|i 7de5a9e5-9820-5eef-94eb-15bede7f8cdb
|s 464d414b-4233-5d2d-98c9-7738c2386b06
|
| 952 |
f |
f |
|p Can circulate
|a CAVAL
|b CAVAL
|c CAVAL
|d CARM 1 Store
|e C02190
|f A2:AB26D0
|h Other scheme
|i book
|m 0006756
|